000 00642nam a2200229 a 4500
001 56882
003 BD-RjUL
005 20211209080439.0
008 161204s1931 nyu 000 0 eng
035 _a(BD-RjUL)57006
040 _aDLC
_cOClU
_dOCoLC
_dBD-RjUL
_beng
041 _aeng
082 _a191
_223
_bDEP 1963
100 1 _aDewey, John,
_d1859-1952.
_9169103
245 1 0 _aPhilosophy and civilization /
_cby John Dewey.
260 _aNew York :
_bMinton, Balch & Company,
_c1963
300 _avii, 334 p. ;
_c25 cm.
650 0 _aPhilosophy.
_9169104
650 0 _aCivilization.
_9169105
942 _2ddc
_cBK
999 _c56882
_d56882